Nad novelou zákona o Štátnom fonde rozvoja bývania

Komentár k zákonu č.1/1997 Z.z. o Štátnom fonde rozvoja bývania. Správa, orgány a zdroje fondu. Použitie prostriedkov fondu. Hospodárenie s prostriedkami. Poskytovanie podpory.

Enregistré dans:
Détails bibliographiques
Auteur principal: Giller, Pavol
Format: Chapitre de livre
Langue:slovaque
Sujets:
Tags: Ajouter un tag
Pas de tags, Soyez le premier à ajouter un tag!

MARC

LEADER 00000naa a2200000 4500
001 r027408
005 20230424130315.2
041 0 |a slo 
044 |a SK 
245 1 0 |a Nad novelou zákona o Štátnom fonde rozvoja bývania  |c Pavol Giller 
520 |a Komentár k zákonu č.1/1997 Z.z. o Štátnom fonde rozvoja bývania. Správa, orgány a zdroje fondu. Použitie prostriedkov fondu. Hospodárenie s prostriedkami. Poskytovanie podpory. 
610 2 0 |a zákony 
610 2 0 |a 1997 
610 2 0 |a Slovensko 
610 2 0 |a Štátny fond rozvoja bývania Bratislava 
610 2 0 |a bývanie 
610 2 0 |a fondy účelové 
610 2 0 |a zdroje finančné 
100 1 |a Giller, Pavol